| 000 | 00373nam a2200157Ia 4500 | ||
|---|---|---|---|
| 005 | 20241107053246.0 | ||
| 008 | 240331s9999 xx 000 0 und d | ||
| 020 | _a978141006994 | ||
| 082 |
_bGOK _a823 |
||
| 100 | _aGokhale,N | ||
| 245 | 0 | _aGods, Graves and Grandmother | |
| 260 |
_aNew York _bPenguin Groups _c1994 |
||
| 300 | _a240 p ., | ||
| 500 | _aNovel | ||
| 942 | _cL | ||
| 999 |
_c5691 _d5691 |
||